000 01136cam a22003617a 4500
003 CHAP
005 20220817042232.0
008 971013s1959 r 00010 d
010 _a38327
011 _a39299
035 _a43419
040 _cCHAP
082 _a641.11
_bF3
110 _aFAO
245 1 3 _aLa leche y los productos lácteos en la nutrición humana
260 _aRoma :
_bFAO,
_c1959
300 _a79 p.
490 0 _aFAO. Estudios sobre nutrición
_v; 17
590 _aBATCH-UPD
_b10
_c20130110
_lUCH01
_h1111
590 _aBATCH-UPD
_b10
_c20130410
_lUCH01
_h0702
590 _aBATCH-UPD
_b10
_c20130914
_lUCH01
_h1716
590 _aCONVERSION
_b10
_c20130109
_lUCH01
_h1321
650 1 4 _aLeche.
_965357
650 1 4 _aNutrición.
_982246
650 1 4 _aProductos lácteos.
_992124
700 0 _aKon, S. K.
_963680
830 0 _aFAO. Estudios sobre nutrición
_v; 17
_939552
901 _aBK
942 _cLIBRO
949 _a641.11 F3
_bBC
_cFAO
_d-99484
_eFAO1
_h24892
_i43419
_si
949 _a641.11 F3
_bBC
_cFAO
_d-99485
_eFAO1
_fc.2
_h14825
_i43419
_si
949 _a641.11 F3
_bBC
_cFAO
_d-99486
_eFAO1
_fc.3
_h29158
_i43419
_si
999 _c38327
_d38327